Devinez la Capitale Mystère #53 - Statistiques

Statistiques générales
  • Ce quiz a été pris 186 fois
  • Le résultat moyen est 27 sur 32
Statistiques - réponses
Type de Réponse Réponse % Correct
Lettre Trouvée A
100%
Lettre Trouvée I
100%
Lettre Trouvée R
100%
Lettre de l'Alphabet S
100%
Lettre Trouvée P
99%
Lettre Bien Placée I
98%
Lettre Bien Placée P
98%
Lettre de l'Alphabet E
96%
Lettre de l'Alphabet N
95%
Lettre de l'Alphabet O
93%
Lettre de l'Alphabet M
92%
Lettre de l'Alphabet L
91%
Lettre de l'Alphabet B
90%
Lettre de l'Alphabet D
90%
Lettre de l'Alphabet T
87%
Lettre de l'Alphabet U
87%
Lettre de l'Alphabet G
84%
Lettre de l'Alphabet C
82%
Lettre de l'Alphabet K
82%
Lettre de l'Alphabet H
79%
Lettre Bien Placée R
79%
Lettre de l'Alphabet W
78%
Lettre de l'Alphabet V
76%
Lettre Bien Placée A
74%
Lettre de l'Alphabet Y
74%
Lettre de l'Alphabet X
73%
Lettre de l'Alphabet Z
73%
Lettre Bien Placée A
71%
Lettre de l'Alphabet J
71%
Lettre de l'Alphabet F
68%
Lettre de l'Alphabet Q
68%
Capitale Mystère Praia
67%
Aucun quiz correspondant
Distribution des résultats
% des personnes avec chaque résultat
Percentile par nombre de réponses
Votre historique - résultats
Vous n’avez pas pris ce quiz